Análisis y valoración de la infraestructura de la red de transporte del Instituto Costarricense de Electricidad entre los principales nodos de telecomunicaciones, para proponer una solución a la demanda pendiente en un año plazo
Guardado en:
| Hovedforfatter: | |
|---|---|
| Format: | Bog |
| Udgivet: |
[San José, Costa Rica]
2008
|
| Fag: | |
| Tags: |
Tilføj Tag
Ingen Tags, Vær først til at tagge denne postø!
|
MARC
| LEADER | 00000nam a2200000Ia 4500 | ||
|---|---|---|---|
| 003 | 001357 | ||
| 005 | 20221231144049.0 | ||
| 008 | 140114s9999 cr a 000 ||s d | ||
| 040 | |c cru CEDI | ||
| 090 | |a TFG 5880 | ||
| 100 | |a Chavarria Gamboa, Nelson |9 3807 | ||
| 245 | |a Análisis y valoración de la infraestructura de la red de transporte del Instituto Costarricense de Electricidad entre los principales nodos de telecomunicaciones, para proponer una solución a la demanda pendiente en un año plazo | ||
| 260 | |c 2008 |b [San José, Costa Rica] | ||
| 300 | |a xvi, 130, [30] hojas; ilustraciones a color | ||
| 500 | |a Tesis (licenciatura en ingeniería eléctrica)--Universidad de Costa Rica. Facultad de Ingeniería. Escuela de Ingeniería Eléctrica, | ||
| 650 | |x REDES DE TELECOMUNICACIONES |x COSTA RICA |x TELECOMUNICACIONES |x INSTITUTO COSTARRICENSE DE ELECTRICIDAD |x ANCHO DE BANDA |x SISTEMAS DE TRANSMISION DE DATOS |9 3808 | ||
| 942 | |c TFG | ||
| 999 | |c 16355 |d 16355 | ||
